000 00779nam a2200205Ii 4500
003 JO-AjNU
008 230605s9999||||xx |||||||||||||| ||und||
017 _a2014/8/3992
040 _aJO-AjNU
_bara
_erda
_cJO-AjNU
041 _aara
050 1 4 _aG155 2014
100 3 _aعلان، مأمون حسين,
_eauthor
_950153
245 0 0 _aالسياحة الجيولوجية في الأردن = Geotourism in Jordan
264 3 1 _aعمان: عمادة البحث العلمي الجامعة الاردنية، 2014
300 _a146ص
_bيشتمل عى ملاحق وصور توضيحية
336 _atext
_btxt
_2rdacontent
337 _aunmediated
_bn
_2rdamedia
338 _avolume
_bnc
_2rdacarrier
650 4 _aالسياحة - الجيولوجية - الاردن
_950154
999 _aA22075
_c25643
_d25643